<?xml version="1.0" encoding="UTF-8"?>
<record
    xmlns:xsi="http://www.w3.org/2001/XMLSchema-instance"
    xsi:schemaLocation="http://www.loc.gov/MARC21/slim http://www.loc.gov/standards/marcxml/schema/MARC21slim.xsd"
    xmlns="http://www.loc.gov/MARC21/slim">

  <leader>03123nam a2200481Ia 4500</leader>
  <controlfield tag="005">20231102150525.0</controlfield>
  <controlfield tag="008">120622s1991    mx     fr     000 0 spa d</controlfield>
  <datafield tag="020" ind1=" " ind2=" ">
    <subfield code="a">9682317762</subfield>
  </datafield>
  <datafield tag="082" ind1=" " ind2=" ">
    <subfield code="a">382.972073</subfield>
    <subfield code="b">I61i 1998</subfield>
  </datafield>
  <datafield tag="245" ind1="1" ind2="3">
    <subfield code="a">La integraci&#xF3;n comercial de M&#xE9;xico a Estados Unidos y Canad&#xE1;</subfield>
    <subfield code="b"> : &#xBF;alternativa o destino?</subfield>
    <subfield code="c"> / Victor M. Bernal Sahag&#xFA;n...[et al.] ; coordinador, Benito Rey Romay</subfield>
  </datafield>
  <datafield tag="250" ind1=" " ind2=" ">
    <subfield code="a">5a. edici&#xF3;n</subfield>
  </datafield>
  <datafield tag="260" ind1=" " ind2="3">
    <subfield code="a">M&#xE9;xico</subfield>
    <subfield code="b"> : UNAM, Instituto de Investigaciones Econ&#xF3;micas ; Siglo XXI</subfield>
    <subfield code="c">, 1991</subfield>
  </datafield>
  <datafield tag="300" ind1=" " ind2=" ">
    <subfield code="a">420 p&#xE1;ginas</subfield>
  </datafield>
  <datafield tag="336" ind1=" " ind2=" ">
    <subfield code="a">texto</subfield>
  </datafield>
  <datafield tag="337" ind1=" " ind2=" ">
    <subfield code="a">sin medio</subfield>
  </datafield>
  <datafield tag="338" ind1=" " ind2=" ">
    <subfield code="a">volumen</subfield>
  </datafield>
  <datafield tag="490" ind1=" " ind2=" ">
    <subfield code="a">M&#xE9;xico y Am&#xE9;rica</subfield>
  </datafield>
  <datafield tag="505" ind1="2" ind2=" ">
    <subfield code="a">El tratado de libre comercio M&#xE9;xico-Estados Unidos, en la problem&#xE1;tica econ&#xF3;mica y social estadunidense
El neoproteccionismo norteamericano ante el tratado de libre comercio M&#xE9;xico-Estados Unidos
La integraci&#xF3;n desde la perspectiva norteamericana
Aspectos estrat&#xE9;gico-militares inmersos en el proyecto de integraci&#xF3;n de Am&#xE9;rica del norte
M&#xE9;xico, el tratado de libre comercio y los tigres del este asi&#xE1;tico
El acuerdo de libre comercio en la disputa por la hegemon&#xED;a econ&#xF3;mica mundial
Experiencias y coincidencias de una vecindad bajo el libre cambio: Canad&#xE1;, M&#xE9;xico y estados Unidos
Los p&#xE1;neles como mecanismos de defensa contra las pr&#xE1;cticas desleales
Algunos aspectos de la problem&#xE1;tica monetario-financiera en el tratado de libre comercio M&#xE9;xico-Estados Unidos
La inversi&#xF3;n extranjera en el TLC: la integraci&#xF3;n dentro de la integraci&#xF3;n 
La integraci&#xF3;n M&#xE9;xico-Estados Unidos-Canad&#xE1;. El impacto de la integraci&#xF3;n sobre la peque&#xF1;a y mediana industrias 
La soberan&#xED;a, el mercado y la mano de obra
M&#xE9;xico ante la integraci&#xF3;n de Norteam&#xE9;rica: entre la democracia y el vasallaje</subfield>
  </datafield>
  <datafield tag="519" ind1=" " ind2=" ">
    <subfield code="a">Plan Flexible / </subfield>
    <subfield code="b">Relaciones Internacionales / </subfield>
    <subfield code="c">Integraciones Econ&#xF3;micas (P09-3) / </subfield>
    <subfield code="d">(01 006940)</subfield>
  </datafield>
  <datafield tag="650" ind1="1" ind2="4">
    <subfield code="a">INTEGRACI&#xD3;N ECON&#xD3;MICA INTERNACIONAL </subfield>
    <subfield code="9">18678</subfield>
  </datafield>
  <datafield tag="650" ind1="2" ind2="4">
    <subfield code="a">RELACIONES COMERCIALES</subfield>
    <subfield code="z">M&#xC9;XICO</subfield>
    <subfield code="z">ESTADOS UNIDOS</subfield>
    <subfield code="z">CANAD&#xC1; </subfield>
    <subfield code="9">18679</subfield>
  </datafield>
  <datafield tag="650" ind1="3" ind2="4">
    <subfield code="a">TRATADO DE LIBRE COMERCIO (TLC)</subfield>
    <subfield code="9">18680</subfield>
  </datafield>
  <datafield tag="651" ind1="1" ind2="4">
    <subfield code="a">M&#xC9;XICO</subfield>
    <subfield code="x">POL&#xCD;TICA COMERCIAL </subfield>
    <subfield code="9">18681</subfield>
  </datafield>
  <datafield tag="651" ind1="2" ind2="4">
    <subfield code="a">M&#xC9;XICO</subfield>
    <subfield code="x">RELACIONES ECON&#xD3;MICAS EXTRANJERAS </subfield>
    <subfield code="9">18682</subfield>
  </datafield>
  <datafield tag="700" ind1=" " ind2=" ">
    <subfield code="a">Bernal Sahag&#xFA;n, V&#xED;ctor M.</subfield>
    <subfield code="e">autor</subfield>
    <subfield code="9">31989</subfield>
  </datafield>
  <datafield tag="700" ind1=" " ind2=" ">
    <subfield code="a">Calva, Jos&#xE9; Luis</subfield>
    <subfield code="e">autor</subfield>
    <subfield code="9">31990</subfield>
  </datafield>
  <datafield tag="700" ind1=" " ind2=" ">
    <subfield code="a">Garc&#xED;a Moreno, V&#xED;ctor Carlos</subfield>
    <subfield code="e">autor</subfield>
    <subfield code="9">31991</subfield>
  </datafield>
  <datafield tag="700" ind1=" " ind2=" ">
    <subfield code="a">Gonz&#xE1;lez, Souza, Luis</subfield>
    <subfield code="e">autor</subfield>
    <subfield code="9">31992</subfield>
  </datafield>
  <datafield tag="700" ind1=" " ind2=" ">
    <subfield code="a">Guti&#xE9;rrez Haces, Mar&#xED;a Teresa</subfield>
    <subfield code="e">autor</subfield>
    <subfield code="9">31993</subfield>
  </datafield>
  <datafield tag="700" ind1=" " ind2=" ">
    <subfield code="a">Hern&#xE1;ndez Ochoa, C&#xE9;sar E.</subfield>
    <subfield code="e">autor</subfield>
    <subfield code="9">31994</subfield>
  </datafield>
  <datafield tag="700" ind1=" " ind2=" ">
    <subfield code="a">Labra M., Armando</subfield>
    <subfield code="e">autor</subfield>
    <subfield code="9">31995</subfield>
  </datafield>
  <datafield tag="700" ind1=" " ind2=" ">
    <subfield code="a">Levine, Elaine</subfield>
    <subfield code="e">autor</subfield>
    <subfield code="9">31996</subfield>
  </datafield>
  <datafield tag="700" ind1=" " ind2=" ">
    <subfield code="a">Manrique Campos, Irma</subfield>
    <subfield code="e">autor</subfield>
    <subfield code="9">31997</subfield>
  </datafield>
  <datafield tag="700" ind1=" " ind2=" ">
    <subfield code="a">Ortiz Mu&#xF1;iz, Gilberto</subfield>
    <subfield code="e">autor</subfield>
    <subfield code="9">31998</subfield>
  </datafield>
  <datafield tag="700" ind1=" " ind2=" ">
    <subfield code="a">Ortiz Wadgymar, Arturo</subfield>
    <subfield code="e">autor</subfield>
    <subfield code="9">31999</subfield>
  </datafield>
  <datafield tag="700" ind1=" " ind2=" ">
    <subfield code="a">Rangel, Jos&#xE9;</subfield>
    <subfield code="e">autor</subfield>
    <subfield code="9">32000</subfield>
  </datafield>
  <datafield tag="700" ind1=" " ind2=" ">
    <subfield code="a">Rozo Berna, Carlos A.</subfield>
    <subfield code="e">autor</subfield>
    <subfield code="9">32001</subfield>
  </datafield>
  <datafield tag="700" ind1=" " ind2=" ">
    <subfield code="a">Salas-Porras, Alejandra</subfield>
    <subfield code="e">autor</subfield>
    <subfield code="9">32002</subfield>
  </datafield>
  <datafield tag="700" ind1=" " ind2=" ">
    <subfield code="a">Saxe-Fern&#xE1;ndez, John</subfield>
    <subfield code="e">autor</subfield>
    <subfield code="9">32003</subfield>
  </datafield>
  <datafield tag="700" ind1=" " ind2=" ">
    <subfield code="a">Tenorio Adame, Antonio</subfield>
    <subfield code="e">autor</subfield>
    <subfield code="9">32004</subfield>
  </datafield>
  <datafield tag="700" ind1=" " ind2=" ">
    <subfield code="a">Rey Romay, Benito</subfield>
    <subfield code="e">coordinador</subfield>
    <subfield code="9">32005</subfield>
  </datafield>
  <datafield tag="942" ind1=" " ind2=" ">
    <subfield code="2">ddc</subfield>
    <subfield code="c">LB</subfield>
  </datafield>
  <datafield tag="952" ind1=" " ind2=" ">
    <subfield code="0">0</subfield>
    <subfield code="1">0</subfield>
    <subfield code="2">ddc</subfield>
    <subfield code="4">0</subfield>
    <subfield code="7">0</subfield>
    <subfield code="a">01</subfield>
    <subfield code="b">01</subfield>
    <subfield code="d">2007-01-25</subfield>
    <subfield code="l">2</subfield>
    <subfield code="o">382.972073 I61I 1998</subfield>
    <subfield code="p">01 006940</subfield>
    <subfield code="r">2019-06-06</subfield>
    <subfield code="s">2019-06-06</subfield>
    <subfield code="t">1</subfield>
    <subfield code="w">2012-06-24</subfield>
    <subfield code="y">LB</subfield>
  </datafield>
  <datafield tag="999" ind1=" " ind2=" ">
    <subfield code="c">54369</subfield>
    <subfield code="d">54369</subfield>
  </datafield>
</record>
